000 01147cam a2200301 a 4500
001 1964593
003 NUST-PNEC
005 20170114142531.0
008 880408s1989 maua b 001 0 eng
010 _a 88014139
020 _a0201128195 :
040 _cPNEC
050 0 0 _aQC760
_b.C48 1989
082 0 0 _a530.141 CHE
_219
100 1 _aCheng, David K.
_q(David Keun),
_d1917-
245 1 0 _aField and wave electromagnetics
_cDavid K. Cheng.
250 _a2nd ed.
260 _aNew Dehli
_bDorling Kindersley (India)Pvt Ltd.
_cc1989.
300 _axvi, 719 p. :
_bill. ;
_c24 cm.
440 4 _aThe Addison-Wesley series in electrical engineering
500 _aIncludes Index http://www.amazon.com/Field-Wave-Electromagnetics-Cheng/dp/8177585762/ref=sr_1_1?s=books&ie=UTF8&qid=1399537212&sr=1-1&keywords=9788177585766
504 _aIncludes bibliographical references and index.
650 0 _aElectromagnetism.
650 0 _aField theory (Physics)
_xMIS
906 _a7
_bcbc
_corignew
_d1
_eocip
_f19
_gy-gencatlg
942 _2ddc
_cBK
999 _c60093
_d60093